[Event "25th Czech Open A 2014"]
[Site "Pardubice CZE"]
[Date "2014.07.21"]
[Round "4.66"]
[White "Tesik, Csaba"]
[Black "Lehmann, Holger"]
[Result "1-0"]
[WhiteTitle "FM"]
[WhiteElo "2324"]
[BlackElo "2185"]
[WhiteFideId "735582"]
[BlackFideId "4620275"]
[EventDate "2014.07.18"]

1. e4 c5 2. Nf3 d6 3. d4 cxd4 4. Nxd4 Nf6 5. Nc3 Bd7 6. Bg5 e6 7. Qd2 h6 8. Bxf6
Qxf6 9. O-O-O a6 10. f4 Nc6 11. Nf3 g5 12. g3 gxf4 13. e5 Nxe5 14. Ne4 Qf5 15.
Nxd6+ Bxd6 16. Qxd6 Ba4 17. Nd4 Qe4 18. Bg2 Qxg2 19. Qxe5 O-O-O 20. b3 Bc6 21.
Nxc6 Qxc6 22. Qxf4 Qc3 23. Kb1 Qc6 24. Qxf7 Rdf8 25. Qg6 Rf2 26. Rhe1 Re8 27.
Rd4 Kb8 28. Rc4 Qd7 29. Qxh6 e5 30. h4 Qf5 31. Qg5 Qxg5 32. hxg5 Rf3 33. Rg4 Kc7
34. g6 Kd6 35. g7 Rg8 36. Rg6+ Ke7 37. Rxe5+ Kf7 38. Reg5 1-0

[Event "25th Czech Open A 2014"]
[Site "Pardubice CZE"]
[Date "2014.07.21"]
[Round "4.67"]
[White "Hrabusa, Matej"]
[Black "Lomasov, Semen"]
[Result "1/2-1/2"]
[WhiteElo "2319"]
[BlackElo "2182"]
[WhiteFideId "14908042"]
[BlackFideId "24164879"]
[EventDate "2014.07.18"]

1. f4 d5 2. e3 Nf6 3. Nf3 g6 4. Be2 Bg7 5. O-O O-O 6. d3 c5 7. a4 Nc6 8. Kh1 b6
9. Ne5 Bb7 10. Nxc6 Bxc6 11. Qe1 Qc7 12. Qh4 e6 13. Nd2 Rfe8 14. Nf3 Nd7 15. e4
dxe4 16. dxe4 Bxe4 17. Ng5 Nf6 18. Nxe4 Nxe4 19. Bf3 f5 20. Ra3 Qd8 21. Qe1 Qd4
22. a5 e5 23. c3 Qc4 24. Be2 Qe6 25. Bb5 Red8 26. fxe5 Qxe5 27. Bc6 Rac8 28. Bb7
b5 29. Bf4 Qe6 30. Bxc8 Qxc8 31. a6 Qc6 32. Qe2 c4 33. Be3 Bf8 34. Raa1 Bc5 35.
Rfd1 Re8 36. Qf3 Bxe3 37. Qxe3 Nc5 38. Qf3 Ne4 39. Rd4 Kg7 40. Kg1 Re7 41. Qf4
b4 42. cxb4 Qb6 43. Qe3 f4 44. Rxe4 fxe3 45. Rxe7+ Kf6 46. Re8 Kf7 47. Re4 e2+
48. Kh1 Qf2 49. Rg1 h5 50. b5 h4 51. h3 g5 52. b6 Qxb6 53. Rxe2 Qxa6 54. Rc1 Qb5
55. Rf1+ Kg6 56. Ref2 Qe5 57. Rc1 Qd4 58. Rfc2 a5 59. Ra1 g4 60. hxg4 Qxg4 61.
Rc3 Qe2 62. Rb1 a4 63. Kh2 1/2-1/2

[Event "25th Czech Open A 2014"]
[Site "Pardubice CZE"]
[Date "2014.07.21"]
[Round "4.68"]
[White "Glantz, Robert"]
[Black "Podvin, Francois-xavier"]
[Result "1-0"]
[WhiteTitle "FM"]
[WhiteElo "2317"]
[BlackElo "2167"]
[WhiteFideId "24629596"]
[BlackFideId "677540"]
[EventDate "2014.07.18"]

1. e4 c5 2. Nf3 d6 3. d4 cxd4 4. Nxd4 Nf6 5. Nc3 g6 6. Be3 Bg7 7. f3 O-O 8. Qd2
Nc6 9. O-O-O d5 10. Kb1 Nxd4 11. e5 Nf5 12. exf6 exf6 13. Bc5 d4 14. Bxf8 Qxf8
15. Nb5 Bh6 16. f4 Ne3 17. Re1 Bxf4 18. Qxd4 Qh6 19. g3 Bg5 20. h4 Bf5 21. Bd3 1-0

[Event "25th Czech Open A 2014"]
[Site "Pardubice CZE"]
[Date "2014.07.21"]
[Round "4.69"]
[White "Nemcova, Katerina"]
[Black "Hoerr, Matthias"]
[Result "1-0"]
[WhiteTitle "WGM"]
[WhiteElo "2314"]
[BlackElo "2141"]
[WhiteFideId "322750"]
[BlackFideId "4681398"]
[EventDate "2014.07.18"]

1. e4 c5 2. Nf3 e6 3. d4 cxd4 4. Nxd4 Nc6 5. Nc3 Qc7 6. f4 a6 7. Nxc6 bxc6 8.
Bd3 d5 9. O-O Bc5+ 10. Kh1 Nf6 11. e5 Nd7 12. Na4 Ba7 13. c4 Nb6 14. Nxb6 Qxb6
15. b3 Qd4 16. Rb1 a5 17. Bb2 Qc5 18. cxd5 cxd5 19. Rc1 Qb6 20. Ba3 Ba6 21. Bxa6
Qxa6 22. Qg4 Rg8 23. Qh4 f6 24. Qh5+ 1-0

[Event "25th Czech Open A 2014"]
[Site "Pardubice CZE"]
[Date "2014.07.21"]
[Round "4.70"]
[White "Lokander, Martin"]
[Black "Shuvalova, Polina"]
[Result "1-0"]
[WhiteTitle "FM"]
[BlackTitle "WFM"]
[WhiteElo "2309"]
[BlackElo "2108"]
[WhiteFideId "1709569"]
[BlackFideId "24171760"]
[EventDate "2014.07.18"]

1. Nf3 Nf6 2. c4 g6 3. Nc3 Bg7 4. d4 O-O 5. Bg5 c5 6. d5 d6 7. e3 h6 8. Bh4 g5
9. Bg3 Qb6 10. Rb1 Qb4 11. Nd2 Bf5 12. a3 Qa5 13. b4 cxb4 14. axb4 Qd8 15. e4
Bg6 16. Bd3 Nh5 17. Qc2 Nd7 18. O-O Nxg3 19. hxg3 a5 20. Na4 axb4 21. Rxb4 Qa5
22. Rfb1 Rfd8 23. Nb6 Ra6 24. c5 Qa2 25. Nxd7 Rxd7 26. Qc1 dxc5 27. Qxc5 Qa5 28.
Nb3 Qxc5 29. Nxc5 Rdd6 30. Nxb7 e6 31. Bxa6 Rxa6 32. d6 1-0

[Event "25th Czech Open A 2014"]
[Site "Pardubice CZE"]
[Date "2014.07.21"]
[Round "4.71"]
[White "Zhylkaidarova, Sholpan"]
[Black "Rjabzev, Konstantin"]
[Result "1/2-1/2"]
[BlackTitle "IM"]
[WhiteElo "2069"]
[BlackElo "2308"]
[WhiteFideId "13700138"]
[BlackFideId "4150015"]
[EventDate "2014.07.18"]

1. d4 d6 2. Nf3 Bg4 3. c4 Bxf3 4. exf3 g6 5. Qb3 Qc8 6. Be2 Bg7 7. Be3 Nc6 8.
Qc3 e6 9. O-O Nge7 10. Na3 Nf5 11. Nc2 O-O 12. Rad1 e5 13. d5 Ncd4 14. Bxd4 Nxd4
15. Nxd4 exd4 16. Qc2 c6 17. dxc6 Qxc6 18. Bd3 d5 19. f4 Rac8 20. Rc1 Qd6 21. c5
Qxf4 22. b4 Bh6 23. Qb3 Rfd8 24. Rc2 Bf8 25. Rfc1 h5 26. Be2 h4 27. a3 Bh6 28.
Rd1 Bg7 29. Qf3 Qxf3 30. Bxf3 a6 31. Be2 Kf8 32. f4 Rc6 33. Kf2 Rf6 34. g3 hxg3+
35. hxg3 g5 36. Rxd4 Rf5 37. Rd1 gxf4 38. g4 Re5 39. c6 bxc6 40. Rxc6 a5 41.
bxa5 d4 42. a6 Ra5 43. Rc7 Be5 44. Rb7 d3 45. Rxd3 Rxd3 46. Bxd3 Rxa3 47. Rd7
Kg7 48. g5 Kf8 49. Kg2 Ke8 50. Bb5 f3+ 51. Kh3 Kf8 52. Bc4 Ke8 53. Rxf7 f2+ 54.
Kg2 Rxa6 55. Rf5 f1=Q+ 56. Bxf1 Re6 57. Bb5+ Kd8 58. Bc4 Re7 59. g6 Bg7 60. Rh5
Re5 61. Rxe5 1/2-1/2

[Event "25th Czech Open A 2014"]
[Site "Pardubice CZE"]
[Date "2014.07.21"]
[Round "4.72"]
[White "Ageichenko, Genadi A"]
[Black "Handl, Martin"]
[Result "1-0"]
[WhiteTitle "IM"]
[WhiteElo "2297"]
[BlackElo "2087"]
[WhiteFideId "4105222"]
[BlackFideId "320056"]
[EventDate "2014.07.18"]

1. d4 c5 2. d5 e6 3. Nc3 Nf6 4. Bg5 exd5 5. Nxd5 Be7 6. Nxe7 Qxe7 7. Nf3 O-O 8.
e3 d5 9. Be2 h6 10. Bh4 Nbd7 11. O-O b6 12. a4 Bb7 13. a5 g5 14. Bg3 Ne4 15. Nd2
Nxg3 16. hxg3 Ne5 17. c3 Rfd8 18. Nf3 Nc6 19. axb6 axb6 20. Qb3 Qc7 21. Rxa8
Bxa8 22. Rd1 Ne7 23. c4 Rd6 24. Qd3 Nc8 25. Qa3 Bb7 26. Qa4 Bc6 27. Qc2 Ne7 28.
Ne5 Bb7 29. Qc3 dxc4 30. Rxd6 Qxd6 31. Nxc4 Qe6 32. Qb3 Ba6 33. Qc2 Nc8 34. b3
Bb7 35. Qc3 Qe4 36. f3 Qe6 37. Kf2 Ne7 38. Qd3 Bd5 39. g4 Kg7 40. Qc3+ Kg8 41.
Bd3 Ng6 42. Bf5 Qc6 43. Nd2 Ne7 44. Qe5 Nxf5 45. gxf5 Qb7 46. e4 Bc6 47. Nc4 b5
48. Nd6 Qa7 49. Qf6 Qa2+ 50. Kg3 Qxb3 51. Qd8+ Kg7 52. f6+ Kg6 53. Qh8 Qe6 54.
Qg7+ Kh5 55. Nf5 Qe5+ 56. Kh3 1-0

[Event "25th Czech Open A 2014"]
[Site "Pardubice CZE"]
[Date "2014.07.21"]
[Round "4.73"]
[White "Kozusek, Daniel"]
[Black "Tokranovs, Dmitrijs"]
[Result "1-0"]
[WhiteElo "2083"]
[BlackElo "2297"]
[WhiteFideId "349500"]
[BlackFideId "11603011"]
[EventDate "2014.07.18"]

1. d4 d5 2. c4 c6 3. Nf3 Nf6 4. Nc3 e6 5. Bg5 h6 6. Bh4 g5 7. Bg3 dxc4 8. e4 b5
9. Be2 b4 10. Na4 Nxe4 11. Be5 Nf6 12. Nc5 Be7 13. Qa4 Qb6 14. Nd2 Nbd7 15. Nxc4
Nxc5 16. Nxb6 Nxa4 17. Nxa8 Kd7 18. O-O Bb7 19. Nc7 Rc8 20. Na6 Nd5 21. Rab1 f6
22. Bg3 h5 23. h3 h4 24. Bh2 Nf4 25. Bxf4 gxf4 26. Rfc1 Bxa6 27. Bxa6 Rb8 28.
Bc4 Nb6 29. Be2 Nd5 30. Rc2 Bd8 31. Rbc1 Bb6 32. Rc4 a5 33. Bd1 Rc8 34. Ba4 Ne7
35. d5 exd5 36. Rxf4 Rf8 37. Rxh4 Kd6 38. Rh7 Bd4 39. Re1 Ng6 40. Re2 Rg8 41.
Kf1 Ne5 42. f4 Nc4 43. Rhe7 Ne5 44. fxe5+ Kxe7 45. exf6+ Kd6 46. g4 Bxf6 47.
Bxc6 Rf8 48. Ba4 Bxb2+ 49. Rf2 Rxf2+ 50. Kxf2 Ke5 51. Kf3 Bc3 52. g5 Kf5 53. h4
Kg6 54. Kg4 d4 55. h5+ Kh7 56. Bc2+ Kh8 57. Bd3 Bd2 58. h6 a4 59. Kh5 Bf4 60. g6
Be5 61. Kg5 Kg8 62. Kf5 Bh8 63. g7 Bxg7 64. hxg7 Kxg7 65. Ke4 a3 66. Bc2 1-0

[Event "25th Czech Open A 2014"]
[Site "Pardubice CZE"]
[Date "2014.07.21"]
[Round "4.74"]
[White "Jacko, Vladimir2"]
[Black "Mammadova, Narmin"]
[Result "1/2-1/2"]
[WhiteTitle "FM"]
[WhiteElo "2296"]
[BlackElo "2019"]
[WhiteFideId "14915928"]
[BlackFideId "13403710"]
[EventDate "2014.07.18"]

1. e4 e6 2. Qe2 c5 3. Nf3 Nc6 4. g3 d6 5. Bg2 Nf6 6. O-O Be7 7. b3 O-O 8. Bb2 e5
9. c3 Bg4 10. h3 Bh5 11. Na3 a5 12. Nb5 a4 13. d4 Qa5 14. g4 Bg6 15. Nd2 h5 16.
Rfe1 hxg4 17. hxg4 Na7 18. Nxa7 Qxa7 19. dxe5 dxe5 20. Nc4 Nd7 21. Ne3 Nb6 22.
c4 Bf6 23. Nf5 Rfd8 24. Qe3 Rd4 25. Bxd4 cxd4 26. Qc1 Nd7 27. b4 Bxf5 28. exf5
Bh4 29. c5 Nf6 30. Qd1 Re8 31. Be4 Qb8 32. Qf3 Nh7 33. Rad1 Ng5 34. Qg2 Re7 35.
Qh1 Nxe4 36. Qxh4 Nf6 37. Qg3 Qe8 38. f4 exf4 39. Rxe7 Qxe7 40. Qxf4 d3 41. Rxd3
Qe1+ 42. Qf1 Qh4 43. Rd8+ Kh7 44. Qg2 Qe1+ 45. Kh2 Qh4+ 46. Kg1 Qe1+ 47. Qf1
Qg3+ 48. Qg2 Qe1+ 49. Qf1 1/2-1/2

[Event "25th Czech Open A 2014"]
[Site "Pardubice CZE"]
[Date "2014.07.21"]
[Round "4.75"]
[White "Chovan, Milan"]
[Black "Chudinovskikh, Alexander M"]
[Result "1-0"]
[BlackTitle "IM"]
[WhiteElo "2049"]
[BlackElo "2293"]
[WhiteFideId "14933691"]
[BlackFideId "4106083"]
[EventDate "2014.07.18"]

1. e4 e5 2. Nf3 Nc6 3. d4 exd4 4. Nxd4 Nf6 5. Nxc6 bxc6 6. e5 Qe7 7. Qe2 Nd5 8.
c4 Ba6 9. b3 g6 10. f4 Bg7 11. Qf2 Nb6 12. Be2 O-O 13. Ba3 d6 14. Nd2 c5 15.
O-O-O Nd7 16. Bf3 Rae8 17. Bc6 Bc8 18. Nf3 Rd8 19. Rhe1 Nb8 20. Ba4 Bg4 21. Rd2
Bxf3 22. gxf3 Bh6 23. Re4 f5 24. exd6 Qf7 25. Re7 Bxf4 26. Rxf7 Rxf7 27. Bxc5 c6
28. Be3 Bxd6 29. c5 1-0

[Event "25th Czech Open A 2014"]
[Site "Pardubice CZE"]
[Date "2014.07.21"]
[Round "4.76"]
[White "Villegas, Pierre"]
[Black "Klukin, Kirill"]
[Result "1-0"]
[WhiteTitle "FM"]
[WhiteElo "2291"]
[BlackElo "2067"]
[WhiteFideId "654183"]
[BlackFideId "24199273"]
[EventDate "2014.07.18"]

1. d4 Nf6 2. c4 g6 3. Nc3 Bg7 4. e4 d6 5. f3 O-O 6. Nge2 c5 7. Be3 Nbd7 8. d5
Ne5 9. Ng3 e6 10. Be2 exd5 11. cxd5 h5 12. O-O a6 13. a4 Nh7 14. Qd2 h4 15. Nh1
f5 16. Nf2 Rb8 17. Kh1 Bd7 18. exf5 gxf5 19. Nh3 b5 20. axb5 axb5 21. Nf4 b4 22.
Nd1 Bf6 23. Ra7 Rf7 24. Nf2 Ra8 25. Rfa1 Rxa7 26. Rxa7 Qb8 27. Ra6 Bc8 28. Ra1
Ra7 29. Rg1 Nf8 30. Nh5 Bd8 31. g3 Rh7 32. gxh4+ Kf7 33. Bg5 Bd7 34. Ng3 Bxg5
35. Qxg5 Rg7 36. Qh5+ Kg8 37. Nxf5 Rxg1+ 38. Kxg1 Bxf5 39. Qxf5 Qa8 40. Qg5+ Kf7
41. Ne4 Qxd5 42. Bc4 Nxf3+ 43. Kf2 Nxg5 44. Nxg5+ Kf6 45. Bxd5 Ke5 46. Bg8 d5
47. Ke3 c4 48. Nf3+ Kd6 49. Kd4 c3 50. bxc3 bxc3 51. Kxc3 Ke7 52. Kd4 Kf6 53.
Bxd5 Kf5 54. Ke3 Kf6 55. h5 Kg7 56. Kf4 Kh6 57. Bf7 Nd7 58. Bg6 Nf6 59. Ne5 Nd5+
60. Ke4 Ne7 61. h4 Ng8 62. Kf5 Ne7+ 63. Kg4 Ng8 64. Nf7+ Kg7 65. Kg5 Ne7 66. h6+ 1-0

[Event "25th Czech Open A 2014"]
[Site "Pardubice CZE"]
[Date "2014.07.21"]
[Round "4.77"]
[White "Chekletsov, Ilya"]
[Black "Spalir, Jernej"]
[Result "0-1"]
[BlackTitle "FM"]
[WhiteElo "2078"]
[BlackElo "2289"]
[WhiteFideId "24177156"]
[BlackFideId "14606518"]
[EventDate "2014.07.18"]

1. d4 f5 2. Bg5 g6 3. h4 Bg7 4. Nc3 c5 5. e3 cxd4 6. exd4 Qb6 7. Nf3 Nc6 8. Na4
Qa5+ 9. c3 d6 10. b4 Qc7 11. Qb3 a6 12. Bc4 Nf6 13. Bf7+ Kf8 14. h5 gxh5 15.
Bxf6 Bxf6 16. Bxh5 Nd8 17. Nb2 Be6 18. Qc2 Rc8 19. Rc1 Qc6 20. a3 Rg8 21. Kf1
Qe4 22. Ne1 Qxc2 23. Rxc2 Bb3 24. Rd2 Rxc3 25. Bf3 Kg7 26. Rh5 Be6 27. Ned3 Bxd4
28. Nf4 Rc1+ 29. Ke2 Bc3 30. Nxe6+ Nxe6 31. Nd3 Nd4+ 32. Ke3 Bxd2+ 33. Kxd2 Rc2+
34. Kd1 Rc3 35. Kd2 Rxa3 36. Bxb7 e5 37. Rg5+ Kf8 38. Rh5 Rg7 39. Bd5 Rc7 0-1

[Event "25th Czech Open A 2014"]
[Site "Pardubice CZE"]
[Date "2014.07.21"]
[Round "4.78"]
[White "Constantinou, Peter"]
[Black "Pon, Matt"]
[Result "1/2-1/2"]
[WhiteTitle "FM"]
[BlackTitle "FM"]
[WhiteElo "2285"]
[BlackElo "2041"]
[WhiteFideId "413038"]
[BlackFideId "14301644"]
[EventDate "2014.07.18"]

1. d4 Nf6 2. c3 g6 3. Bg5 Bg7 4. Nd2 d6 5. e4 O-O 6. Ngf3 Qe8 7. Bc4 e5 8. O-O
h6 9. Bh4 Nc6 10. dxe5 Nxe5 11. Nxe5 dxe5 12. Qb3 Nd7 13. a4 a5 14. Qa3 g5 15.
Bg3 Bf6 16. Rfe1 Be7 17. Qa2 Bc5 18. Nf1 h5 19. h3 h4 20. Bh2 Kg7 21. Ne3 Nf6
22. Nf5+ Kg6 23. Rad1 Rh8 24. Kh1 Bxf2 25. Re2 Bc5 26. Rf1 Rh7 27. Rf3 g4 28.
Rf1 g3 29. Bg1 Bxg1 30. Kxg1 Bxf5 31. exf5+ Kg7 32. Qb3 Qe7 33. Kh1 c6 34. Qb6
Rh5 35. Ree1 Rd8 36. Qxa5 e4 37. Qb6 Rd2 38. Re2 Rd7 39. Ree1 Qe5 40. a5 Rxf5
41. Rxf5 Qxf5 42. Rf1 Qg5 43. a6 bxa6 44. Qxc6 Rd2 45. Qc7 Rd7 46. Qc6 1/2-1/2

[Event "25th Czech Open A 2014"]
[Site "Pardubice CZE"]
[Date "2014.07.21"]
[Round "4.79"]
[White "Musaev, Rasul"]
[Black "Galaktionov, Artem"]
[Result "1-0"]
[WhiteTitle "FM"]
[WhiteElo "2281"]
[BlackElo "2006"]
[WhiteFideId "24146870"]
[BlackFideId "24175471"]
[EventDate "2014.07.18"]

1. e4 e6 2. d4 d5 3. Nc3 Bb4 4. exd5 exd5 5. Bd3 Nc6 6. Ne2 Nge7 7. O-O O-O 8.
a3 Bxc3 9. bxc3 Bf5 10. Ng3 Bxd3 11. cxd3 Qd7 12. Qh5 Qd6 13. h4 f5 14. Qg5 Qg6
15. Qf4 Qg4 16. h5 b6 17. Re1 Rac8 18. Ra2 Qxf4 19. Bxf4 Kf7 20. Rae2 g6 21.
hxg6+ hxg6 22. Nf1 Rh8 23. Nh2 Rh5 24. Nf3 Rch8 25. Ng5+ Ke8 26. Nh3 Kd7 27. f3
Nc8 28. Kf2 Rg8 29. Ng5 Nd8 30. Re5 c6 31. c4 dxc4 32. dxc4 Rhh8 33. d5 c5 34.
Kg3 Re8 35. Rxe8 Rxe8 36. Rh1 Nd6 37. Bxd6 Kxd6 38. Kf4 a6 39. Rh6 Rg8 40. g4
fxg4 41. Ne4+ Ke7 42. Rh7+ Nf7 43. Ng5 Rf8 44. fxg4 b5 45. cxb5 axb5 46. Ne6 Rc8
47. Ng5 Rf8 48. Ne6 Rc8 49. Ng5 1-0

[Event "25th Czech Open A 2014"]
[Site "Pardubice CZE"]
[Date "2014.07.21"]
[Round "4.80"]
[White "Sergeev, Vladimir"]
[Black "Amerkeshev, Madiyar"]
[Result "1-0"]
[WhiteTitle "GM"]
[WhiteElo "2447"]
[BlackElo "2211"]
[WhiteFideId "14101076"]
[BlackFideId "13704222"]
[EventDate "2014.07.18"]

1. Nf3 Nf6 2. g3 b6 3. Bg2 Bb7 4. O-O c5 5. d3 g6 6. e4 d6 7. Ng5 h6 8. Nh3 Nbd7
9. c4 Qc7 10. Nc3 Bg7 11. Nd5 Nxd5 12. exd5 Nf6 13. Bd2 g5 14. Bc3 O-O-O 15. Re1
Kb8 16. Rb1 e5 17. dxe6 fxe6 18. Rxe6 Rhf8 19. Qe2 Rf7 20. Bxb7 Qxb7 21. Re1 Qd7
22. Rxd6 Qxd6 23. Be5 Ne8 24. Bxd6+ Nxd6 25. Qe6 Kc7 26. f4 Rdf8 27. Qd5 Nf5 28.
Re6 Nd4 29. Qd6+ Kb7 30. Re7+ Ka6 31. g4 Nf3+ 32. Kf2 Nh4 33. Qd7 Bd4+ 34. Ke2
Rxe7+ 35. Qxe7 Ng6 36. Qh7 Nxf4+ 37. Nxf4 Rxf4 38. Qxh6 Rxg4 39. h3 Rg2+ 40. Kf3
Rf2+ 41. Ke4 Rf4+ 42. Kd5 Rf5+ 43. Ke6 Re5+ 44. Kd7 Bxb2 45. Qc6 1-0

[Event "25th Czech Open A 2014"]
[Site "Pardubice CZE"]
[Date "2014.07.21"]
[Round "4.81"]
[White "Novotny, Michal"]
[Black "Marek, Matyas"]
[Result "1/2-1/2"]
[WhiteTitle "FM"]
[WhiteElo "2354"]
[BlackElo "2211"]
[WhiteFideId "310980"]
[BlackFideId "335398"]
[EventDate "2014.07.18"]

1. e4 c5 2. Nf3 d6 3. d4 cxd4 4. Nxd4 Nf6 5. Nc3 a6 6. Be3 e5 7. Nf3 Be7 8. Bc4
Be6 9. Bxe6 fxe6 10. Na4 Nfd7 11. c4 Nc6 12. O-O O-O 13. c5 Nxc5 14. Nxc5 dxc5
15. Qb3 Qd6 16. a4 Nd4 17. Bxd4 exd4 18. Nd2 Qc6 19. a5 Bg5 20. Nc4 Qxe4 21.
Rae1 Qc6 22. Ne5 Qd5 23. Qxd5 exd5 24. Nd7 Rfc8 25. Re5 Bd8 26. Rxd5 Bxa5 27.
Nxc5 Bb6 28. Ne6 Re8 29. Rd6 Bd8 1/2-1/2

[Event "25th Czech Open A 2014"]
[Site "Pardubice CZE"]
[Date "2014.07.21"]
[Round "4.82"]
[White "Dauth, Benjamin"]
[Black "Gallien, Fabian"]
[Result "1-0"]
[WhiteTitle "FM"]
[BlackTitle "CM"]
[WhiteElo "2349"]
[BlackElo "2210"]
[WhiteFideId "4688104"]
[BlackFideId "4673476"]
[EventDate "2014.07.18"]

1. e4 e6 2. d4 d5 3. exd5 exd5 4. Bd3 c5 5. dxc5 Bxc5 6. Nf3 Nf6 7. O-O O-O 8.
h3 h6 9. Nbd2 a6 10. Nb3 Ba7 11. Re1 Re8 12. Rxe8+ Qxe8 13. Nbd4 Nc6 14. Be3 Ne5
15. Nxe5 Qxe5 16. c3 Bd7 17. Qb3 Qc7 18. Rd1 Bb8 19. Nf3 Bc6 20. Qb6 Qxb6 21.
Bxb6 Nd7 22. Bd4 Bd6 23. Bc2 Re8 24. Be3 Bc7 25. Bb3 Nb6 26. Nd4 Bd7 27. Nc2 Be6
28. Bxb6 Bxb6 29. Ne3 d4 30. cxd4 Bxb3 31. axb3 Rd8 32. Nc2 Kf8 33. Kf1 Rd5 34.
Ke2 Ke7 35. Kd3 Rg5 36. Ne3 Rb5 37. Kc4 Ba5 38. Nc2 Rf5 39. Rf1 Rg5 40. g3 h5
41. b4 Bc7 42. Ne3 Kd7 43. Re1 Bd6 44. h4 Rg6 45. b5 axb5+ 46. Kxb5 Re6 47. Kc4
Bc7 48. b4 f6 49. Kd3 g5 50. Rh1 g4 51. Rc1 f5 52. Nd5 Bd6 53. b5 Bb8 54. Rc2
Rg6 55. Re2 Bd6 56. Nb6+ Kd8 57. Nc4 Be7 58. Re5 Rf6 59. Ke3 f4+ 60. gxf4 Rh6
61. Rd5+ Kc8 62. b6 Rc6 63. Kd3 Bxh4 64. Rxh5 Bd8 65. Rc5 Bh4 66. Ke3 Rxc5 67.
dxc5 Be7 68. Kd4 Bh4 69. Nd6+ Kd7 70. Ne4 Kc6 71. f5 1-0

[Event "25th Czech Open A 2014"]
[Site "Pardubice CZE"]
[Date "2014.07.21"]
[Round "4.83"]
[White "Cremer, Jan Paul"]
[Black "Vavra, Pavel1"]
[Result "1-0"]
[BlackTitle "IM"]
[WhiteElo "2194"]
[BlackElo "2342"]
[WhiteFideId "24686115"]
[BlackFideId "301841"]
[EventDate "2014.07.18"]

1. e4 c5 2. Nf3 Nc6 3. d4 cxd4 4. Nxd4 Qb6 5. Nb3 Nf6 6. Nc3 e6 7. Bd3 Qc7 8.
O-O Be7 9. Be3 d6 10. f4 a6 11. Qf3 O-O 12. Nd4 Bd7 13. Qg3 Ne8 14. f5 Nxd4 15.
Bxd4 Bf6 16. Bxf6 Nxf6 17. fxe6 fxe6 18. e5 Qc5+ 19. Kh1 Qxe5 20. Qxe5 dxe5 21.
Rae1 Ng4 22. Kg1 b5 23. h3 Rxf1+ 24. Bxf1 Nf6 25. Rxe5 Rc8 26. Bd3 Rc7 27. Kf2
h6 28. g4 Kf7 29. Ne2 Nd5 30. Re4 g5 31. Rd4 Bc6 32. c4 Nf6 33. cxb5 axb5 34.
Nc3 e5 35. Rb4 Rd7 36. Bxb5 Bxb5 37. Rxb5 Rd3 38. a4 Rxh3 39. a5 Nxg4+ 40. Kg2
Rd3 41. a6 Rd2+ 42. Kg3 Ne3 43. Kf3 1-0

[Event "25th Czech Open A 2014"]
[Site "Pardubice CZE"]
[Date "2014.07.21"]
[Round "4.84"]
[White "Cerveny, Petr"]
[Black "Titan, Matej"]
[Result "0-1"]
[WhiteTitle "FM"]
[WhiteElo "2301"]
[BlackElo "2202"]
[WhiteFideId "322016"]
[BlackFideId "14608146"]
[EventDate "2014.07.18"]

1. g3 Nf6 2. Bg2 d5 3. Nf3 e6 4. O-O c5 5. d3 Nc6 6. Nbd2 Be7 7. e4 O-O 8. Re1
a5 9. a4 b6 10. e5 Nd7 11. Nf1 Ba6 12. h4 Rb8 13. N1h2 Qc7 14. Bf4 b5 15. axb5
Rxb5 16. b3 Rb4 17. Bh3 c4 18. bxc4 dxc4 19. d4 Nb6 20. Ng5 Bxg5 21. Bxg5 c3 22.
Re4 Nd5 23. h5 Qb6 24. Nf3 Rb8 25. Bf1 Bxf1 26. Kxf1 Qb5+ 27. Kg2 Rb1 28. Rxb1
Qxb1 29. Re1 Qxd1 30. Rxd1 Rb2 31. Ne1 h6 32. Bf4 Ncb4 33. Ra1 Ra2 34. Rb1 a4
35. Bc1 Nxc2 36. Rb8+ Kh7 37. Nd3 Nxd4 38. Nc5 Nc6 39. Ra8 Nxe5 40. Bf4 c2 41.
Bxe5 c1=Q 42. Nd7 Ne3+ 0-1

[Event "25th Czech Open A 2014"]
[Site "Pardubice CZE"]
[Date "2014.07.21"]
[Round "4.85"]
[White "Muter, Donny"]
[Black "Priasmoro, Novendra"]
[Result "1/2-1/2"]
[WhiteElo "2181"]
[BlackElo "2282"]
[WhiteFideId "409170"]
[BlackFideId "7105029"]
[EventDate "2014.07.18"]

1. d4 Nf6 2. Nf3 g6 3. c4 Bg7 4. Nc3 d5 5. cxd5 Nxd5 6. Bd2 O-O 7. e4 Nb6 8. Be3
Bg4 9. Be2 Nc6 10. d5 Na5 11. Bd4 Bxf3 12. Bxf3 Bxd4 13. Qxd4 Nac4 14. b3 e5 15.
Qd3 Nd6 16. O-O f5 17. Rae1 Qf6 18. g3 Rae8 19. Nb5 Re7 20. Rc1 Nxb5 21. Qxb5 a6
22. Qb4 Qd6 23. Qxd6 cxd6 24. Rc2 Rc8 25. Rxc8+ Nxc8 26. Rc1 Nb6 27. Kf1 Kf8 28.
Bg2 Ke8 29. f3 Kd8 30. Bh3 fxe4 31. fxe4 Rc7 32. Rxc7 Kxc7 33. Be6 Kd8 34. h4
Na8 35. Bg4 Nc7 36. Ke2 Nb5 37. Kd3 Nd4 38. Bd1 h6 39. Kc3 Kc7 40. Bg4 a5 41. a4
b5 42. Bd1 Kb6 43. Bg4 Kc5 44. Bd1 h5 45. g4 hxg4 46. Bxg4 b4+ 47. Kb2 Kb6 48.
Ka2 Kc7 49. Kb2 Kd8 50. Bd1 Ke7 51. Bg4 Kf6 52. Bd1 1/2-1/2

[Event "25th Czech Open A 2014"]
[Site "Pardubice CZE"]
[Date "2014.07.21"]
[Round "4.86"]
[White "Makka, Ioulia"]
[Black "Lobanov, Sergei"]
[Result "0-1"]
[WhiteTitle "WIM"]
[WhiteElo "2185"]
[BlackElo "2277"]
[WhiteFideId "4205316"]
[BlackFideId "24183750"]
[EventDate "2014.07.18"]

1. e4 c5 2. Nf3 d6 3. d4 cxd4 4. Nxd4 Nf6 5. Nc3 Nc6 6. g3 e5 7. Nde2 Be6 8. Bg2
Be7 9. O-O Qd7 10. Nd5 Bd8 11. Nec3 h5 12. Nxf6+ gxf6 13. Be3 h4 14. f3 hxg3 15.
hxg3 Ne7 16. Qd3 Ba5 17. Nb5 d5 18. Bc5 Qc6 19. b4 Bb6 20. Bxb6 Qxb6+ 21. Rf2
O-O-O 22. a4 a6 23. Qc3+ Nc6 24. exd5 Bxd5 25. Na7+ Qxa7 26. b5 Qd4 27. Ra3 Qxc3
28. Rxc3 Kb8 29. bxc6 Bxc6 30. a5 Rd4 31. Bf1 Rd1 32. Re2 Ra1 33. Rc5 Bxf3 34.
Rd2 Rh1+ 35. Kf2 Rhxf1+ 36. Ke3 Rae1+ 37. Kd3 Bc6 38. Kc3 Kc7 39. Kb3 Re3+ 40.
Rc3 Rxc3+ 41. Kxc3 Rf3+ 0-1

[Event "25th Czech Open A 2014"]
[Site "Pardubice CZE"]
[Date "2014.07.21"]
[Round "4.87"]
[White "Vykouk, Jan"]
[Black "Yuferev, Oleg"]
[Result "1-0"]
[BlackTitle "FM"]
[WhiteElo "2176"]
[BlackElo "2270"]
[WhiteFideId "349658"]
[BlackFideId "4131720"]
[EventDate "2014.07.18"]

1. e4 c5 2. Nf3 e6 3. d4 cxd4 4. Nxd4 a6 5. Bd3 Bc5 6. Nb3 Be7 7. O-O d6 8. Qg4
g6 9. Be3 Nf6 10. Qg3 O-O 11. Nc3 Nbd7 12. a4 b6 13. f4 Bb7 14. Rae1 Nh5 15. Qh3
Ng7 16. g4 e5 17. f5 Bg5 18. Bc4 Bxe3+ 19. Rxe3 Qg5 20. fxg6 hxg6 21. Ref3 d5
22. exd5 Rac8 23. Ne4 Qd8 24. Nbd2 Rxc4 25. Nxc4 Bxd5 26. Ncd6 b5 27. Qh6 Qb6+
28. R1f2 Bxe4 29. Rh3 Nh5 30. Nxe4 1-0